LEADER 00763nam a2200217 i 4500 001 000000165499 003 CaOOAMICUS 005 20071018000000.0 008 071018s1962 it u000 u ita u 013 $a142867 040 $aSeMil$bita 100 1 $aMorante, Elsa <1912-1985>.$0(OLS)http://semarc/name/5280 245 10$aMenzogna e sortilegio :$bromanzo /$cElsa Morante. 250 $a5. Ed. 260 $aTorino :$bEinaudi,$ccopyr. 1962. 300 $a711 p. ;$c23 cm. 850 $aSeMil 852 $aSeMil$W1$xVenegono$y1$m1B V 215$j248538$B116693$CSeMilBibl$Z2$F127604 $81 961 $aRecupero: Altro 996 $6245$aMenzogna e sortilegio :$bromanzo$9(OLS)http://semarc/title/236315 996 $6260$aTorino :$bEinaudi$9(OLS)http://semarc/publisher/29884 LEADER 00991nam a2200241 i 4500 001 000000198411 003 CaOOAMICUS 005 20240516113423.0 008 110308s1972 it u000 u ita u 040 $aSeMil$bita 100 1 $aTheod?rak?s, Mik?s,$d<1925-2021>.$0(OLS)http://semarc/name/71798 245 10$aDiario del carcere /$cMikis Theodorakis. 264 1$aRoma :$bEditori Riuniti,$c1972. 300 $a327 p. ;$c19 cm. 490 1 $aVentesimo secolo ;$v2 650 4$aTheod?rak?s, Mik?s <1925-2021> - Diari e memorie.$0(OLS)http://semarc/subject/55706 830 0$aVentesimo secolo ;$v2.$0(OLS)http://semarc/title/25614 850 $aSeMil 852 $aSeMil$W1$xVenegono$y1$m3J II 474$j248126$B148967$CSeMilBibl$Z2$F166609 $81 961 $aOmaggio: Grampa dott. Cesare 996 $6245$aDiario del carcere$9(OLS)http://semarc/title/200222 996 $6264$aRoma :$bEditori Riuniti$9(OLS)http://semarc/publisher/30240